000
00228 a2200097 4500
001
59158
100
_a
245
_a
Fish; : quranic stories for childrens
260
_a
Karachi
_b
Children Books Pub
_c
2008
090
_c
36235
_d
36235
942
_a
NUST-CAE
_c
_c
29153
999
_c
294231
_d
294231